[Event "Kendrapara Umar Ali Memorial"]
[Site "Kendrapara"]
[Date "2017.12.27"]
[Round "9"]
[White "Mishra, Soumyaranjan"]
[Black "Sahu, Rajendrakumar"]
[Result "1-0"]
[WhiteElo "2197"]
[BlackElo "1966"]
[PlyCount "149"]
[EventDate "2017.12.25"]
[EventType "swiss"]
[EventRounds "9"]
[EventCountry "IND"]
[SourceTitle "EXT 2019"]
[Source "ChessBase"]
[SourceDate "2018.10.10"]
[SourceVersion "1"]
[SourceVersionDate "2018.10.10"]
[SourceQuality "1"]

1. e4 c5 2. Nf3 Nc6 3. Bb5 e6 4. 0-0 Qc7 5. c3 a6 6. Ba4 b5 7. Bc2 Bb7 8. d4 cxd4 9. Nxd4 Nf6 10. Re1 Rc8 11. Bd3 d5 12. exd5 Nxd4 13. cxd4 Nxd5 14. Be4 Bd6 15. g3 0-0 16. Bd2 Nf6 17. Bxb7 Qxb7 18. Nc3 Rc4 19. Bg5 Nd5 20. Ne4 Bb4 21. Re2 h6 22. a3 f5 23. axb4 fxe4 24. Bc1 Nxb4 25. b3 Rcc8 26. Ba3 a5 27. Bxb4 axb4 28. Qe1 Rc3 29. Rxe4 Qd5 30. Rxe6 Qxd4 31. Rd1 Qc5 32. Re5 Qc6 33. Re7 Qf3 34. Rdd7 Qf6 35. Rxg7+ Qxg7 36. Rxg7+ Kxg7 37. Qe7+ Rf7 38. Qxb4 Rc1+ 39. Kg2 Rc2 40. Qd4+ Rf6 41. g4 b4 42. h4 Kf7 43. Qd7+ Kf8 44. Qd4 Kf7 45. g5 hxg5 46. hxg5 Rf5 47. Qh4 Kg8 48. Qxb4 Rcxf2+ 49. Kg3 R5f3+ 50. Kg4 Rf7 51. Qb8+ Kg7 52. Qe5+ Kg8 53. Qe4 Kg7 54. b4 Rf1 55. Qd4+ Kg8 56. b5 Re1 57. Qd5 Kg7 58. Qd4+ Kg8 59. b6 Ree7 60. g6 Rf8 61. Kg5 Rfe8 62. Kh6 Rb8 63. Qd5+ Kh8 64. Qd6 Reb7 65. Qe5+ Kg8 66. Qe6+ Kh8 67. Kg5 Kg7 68. Qf6+ Kg8 69. Kh6 Re8 70. Qd6 Reb8 71. Qe5 Kf8 72. g7+ Kg8 73. Qe6+ Rf7 74. b7 Rd8 75. Kg6 1-0

[Event "Puri Odisha op"]
[Site "Puri"]
[Date "2017.12.16"]
[Round "6"]
[White "Panigrahi, Manoj Kumar"]
[Black "Mishra, Soumyaranjan"]
[Result "1-0"]
[WhiteElo "2036"]
[BlackElo "2197"]
[PlyCount "157"]
[EventDate "2017.12.14"]
[EventType "swiss"]
[EventRounds "9"]
[EventCountry "IND"]
[SourceTitle "CBM 182 Extra"]
[Source "ChessBase"]
[SourceDate "2018.02.23"]
[SourceVersion "1"]
[SourceVersionDate "2018.02.23"]
[SourceQuality "1"]

1. e4 Nf6 2. e5 Nd5 3. d4 d6 4. c4 Nb6 5. exd6 cxd6 6. Nc3 g6 7. Be3 Bg7 8. Rc1 0-0 9. b3 Nc6 10. d5 Ne5 11. Be2 Ned7 12. Nf3 Nf6 13. Nd4 Bd7 14. 0-0 Rc8 15. f4 a6 16. f5 Bxf5 17. Nxf5 gxf5 18. Rxf5 Nbd7 19. Bd4 e5 20. Be3 Qa5 21. Qd2 Kh8 22. Rcf1 Rg8 23. Bg5 Qb6+ 24. Kh1 Qd4 25. Qe1 e4 26. Nd1 Qa1 27. Nc3 Qxe1 28. Rxe1 Rge8 29. Ref1 Ng8 30. Rxf7 Nc5 31. Nd1 Nh6 32. R7f4 Nd3 33. Rh4 Ng8 34. Ne3 Re5 35. Nf5 Rf8 36. g4 Bf6 37. Bxf6+ Rxf6 38. Rh3 Nc5 39. Kg2 a5 40. Rg3 Ne7 41. Nxe7 Rxf1 42. Kxf1 Rxe7 43. Kf2 Kg7 44. Ke3 Kf6 45. h4 Ke5 46. Rg1 Rf7 47. Rf1 Rxf1 48. Bxf1 Nd7 49. Bh3 Nf6 50. g5 Nh5 51. Bg4 Nf4 52. h5 Ng2+ 53. Kf2 Nf4 54. h6 Ng6 55. Ke3 Ne7 56. Be6 b6 57. a3 Nf5+ 58. Kd2 Ne7 59. b4 Kd4 60. Bf7 e3+ 61. Ke1 Nf5 62. Be6 Nh4 63. Bg4 axb4 64. axb4 Ke4 65. c5 Kxd5 66. cxb6 Kc6 67. Ke2 Kxb6 68. Bd7 Kc7 69. Be6 Ng2 70. Bf5 d5 71. Bxh7 d4 72. Be4 Nf4+ 73. Kf1 d3 74. Bxd3 Nxd3 75. h7 e2+ 76. Kxe2 Nf4+ 77. Kf3 Ng6 78. Ke4 Kd6 79. Kf5 1-0

[Event "Keshabananda Das Memorial 4th"]
[Site "Bhubaneswar"]
[Date "2015.09.17"]
[Round "10"]
[White "Roy Chowdhury, Saptarshi"]
[Black "Mishra, Soumyaranjan"]
[Result "1-0"]
[WhiteElo "2361"]
[BlackElo "2197"]
[PlyCount "105"]
[EventDate "2015.09.11"]
[EventType "swiss"]
[EventRounds "10"]
[EventCountry "IND"]
[SourceTitle "EXT 2016"]
[Source "ChessBase"]
[SourceDate "2015.10.08"]
[SourceVersion "1"]
[SourceVersionDate "2015.10.08"]
[SourceQuality "1"]

1. e4 Nf6 2. d3 e5 3. Nf3 Nc6 4. Be2 d5 5. Nbd2 g6 6. 0-0 Bg7 7. c3 a5 8. b3 0-0 9. a3 Bg4 10. Bb2 h6 11. b4 axb4 12. cxb4 dxe4 13. dxe4 Bxf3 14. Bxf3 Nd4 15. Nb3 Nxb3 16. Qxb3 Qe7 17. Qc3 Nh7 18. Bd1 Ng5 19. Bb3 c6 20. Rae1 Ne6 21. Bxe6 Qxe6 22. f4 Rfe8 23. f5 Qd7 24. Qg3 Kh7 25. Rd1 Qc7 26. Rd3 Rad8 27. Rdf3 gxf5 28. Rxf5 f6 29. Bc1 Qf7 30. Qh4 Rd6 31. h3 Qg6 32. Be3 Rg8 33. Kh2 Rd3 34. R1f3 Bf8 35. Qf2 Be7 36. a4 Rb3 37. a5 Rg7 38. Bc5 Bxc5 39. bxc5 Rxf3 40. Qxf3 Rf7 41. Rh5 Rd7 42. Rh4 Rg7 43. Rg4 Qf7 44. Qf5+ Kg8 45. Qc8+ Kh7 46. a6 bxa6 47. Qxc6 Rxg4 48. hxg4 h5 49. Qc8 hxg4 50. c6 g3+ 51. Kxg3 Qb3+ 52. Kh2 Qe3 53. Qh3+ 1-0

[Event "Keshabananda Das Memorial 4th"]
[Site "Bhubaneswar"]
[Date "2015.09.15"]
[Round "7"]
[White "Laxman, Rajaram"]
[Black "Mishra, Soumyaranjan"]
[Result "1/2-1/2"]
[WhiteElo "2438"]
[BlackElo "2197"]
[PlyCount "120"]
[EventDate "2015.09.11"]
[EventType "swiss"]
[EventRounds "10"]
[EventCountry "IND"]
[SourceTitle "EXT 2016"]
[Source "ChessBase"]
[SourceDate "2015.10.08"]
[SourceVersion "1"]
[SourceVersionDate "2015.10.08"]
[SourceQuality "1"]

1. d4 Nf6 2. Nf3 e6 3. c4 d5 4. g3 Bb4+ 5. Bd2 Be7 6. Bg2 c6 7. Qc2 0-0 8. 0-0 Nbd7 9. Bf4 b6 10. Rd1 Bb7 11. Nc3 dxc4 12. Nd2 Nd5 13. Nxc4 Nxf4 14. gxf4 Qc7 15. e3 Rad8 16. Rac1 c5 17. d5 exd5 18. Nxd5 Bxd5 19. Bxd5 b5 20. Nd2 Nf6 21. Bf3 Rd7 22. Nb3 Rxd1+ 23. Rxd1 a6 24. Nd4 Rd8 25. a4 Qb6 26. Nc6 Rxd1+ 27. Qxd1 Bf8 28. axb5 axb5 29. b3 c4 30. b4 Qc7 31. Kf1 Qc8 32. Ke2 Qe6 33. Qd8 c3 34. Kd3 c2 35. Kd2 Ne4+ 36. Bxe4 Qxe4 37. Qc8 g6 38. Nd4 Qg2 39. Ke2 c1Q 40. Qxc1 Bxb4 41. Qc8+ Bf8 42. h3 Qd5 43. f5 b4 44. fxg6 hxg6 45. Qc6 Qh5+ 46. Qf3 Qxf3+ 47. Kxf3 f5 48. Ke2 Kf7 49. Kd3 Kf6 50. Kc4 Ke5 51. Nf3+ Kf6 52. Ne1 Ke5 53. f3 Bh6 54. Nd3+ Ke6 55. f4 g5 56. Nc5+ Ke7 57. fxg5 Bxg5 58. Kd4 Kf6 59. Nd7+ Ke6 60. Nc5+ Kf6 1/2-1/2

[Event "Odisha Keshabananda Memorial 2nd"]
[Site "Odisha"]
[Date "2013.08.19"]
[Round "2"]
[White "Swayams, Mishra"]
[Black "Mishra, Soumyaranjan"]
[Result "1-0"]
[WhiteElo "2431"]
[BlackElo "2235"]
[PlyCount "97"]
[EventDate "2013.08.18"]
[EventType "swiss"]
[EventRounds "7"]
[EventCountry "IND"]
[SourceTitle "CBM 156 Extra"]
[Source "ChessBase"]
[SourceDate "2013.10.22"]
[SourceVersion "1"]
[SourceVersionDate "2013.10.22"]
[SourceQuality "1"]

1. d4 Nf6 2. c4 e6 3. Nc3 Bb4 4. e3 0-0 5. Nge2 d5 6. a3 Be7 7. cxd5 exd5 8. h3 c6 9. g4 Re8 10. Bg2 Nbd7 11. 0-0 Bd6 12. f4 Nf8 13. Ng3 h6 14. Qf3 Ng6 15. Qf2 Bxg4 16. hxg4 Nxg4 17. Qf3 Qh4 18. Rf2 Qh2+ 19. Kf1 Qh4 20. Kg1 Qh2+ 21. Kf1 Qh4 22. Bh1 Nxf2 23. Kxf2 Qh2+ 24. Qg2 Qh4 25. Qf3 Qh2+ 26. Qg2 Qh4 27. Nce2 Ne7 28. Bd2 Nf5 29. Rg1 Re6 30. Kf1 Nxg3+ 31. Qxg3 Qxg3 32. Nxg3 Kh8 33. Bf3 g6 34. Kf2 f5 35. Ne2 Kg7 36. Nc1 Be7 37. Nd3 Bf6 38. Bh5 Bh4+ 39. Kf1 Kh7 40. Bf3 Bf6 41. Ne5 Bxe5 42. dxe5 Rg8 43. Rh1 Kg7 44. Bb4 g5 45. Be2 g4 46. e4 Kg6 47. Bxg4 dxe4 48. Bh5+ Kg7 49. Rg1+ 1-0

[Event "Chennai op 3rd"]
[Site "Chennai"]
[Date "2011.01.26"]
[Round "11"]
[White "Girinath, PDS"]
[Black "Mishra, Soumyaranjan"]
[Result "1-0"]
[WhiteElo "2362"]
[BlackElo "2204"]
[PlyCount "81"]
[EventDate "2011.01.18"]
[EventType "swiss"]
[EventRounds "11"]
[EventCountry "IND"]
[SourceTitle "CBM 140 Extra"]
[Source "ChessBase"]
[SourceDate "2011.03.01"]
[SourceVersion "1"]
[SourceVersionDate "2011.03.01"]
[SourceQuality "1"]

1. e4 Nf6 2. d3 e5 3. Nf3 Nc6 4. g3 d5 5. exd5 Nxd5 6. Bg2 Be7 7. 0-0 0-0 8. Re1 f6 9. c3 Nb6 10. d4 exd4 11. Nxd4 Nxd4 12. cxd4 c6 13. Nc3 Kh8 14. a3 Bf5 15. d5 c5 16. Qf3 Bg6 17. Bf4 Bd6 18. Nb5 Nc4 19. Nxd6 Nxd6 20. Bxd6 Qxd6 21. Re6 Qd7 22. Rae1 Rad8 23. Qc3 Qc8 24. Re7 Rf7 25. d6 Rxe7 26. dxe7 Re8 27. Qa5 c4 28. Qxa7 c3 29. bxc3 Qxc3 30. Qe3 Qc7 31. Qe6 h6 32. h4 Kh7 33. Bf3 h5 34. Kg2 Ra8 35. Be4 Re8 36. Bd5 Ra8 37. Re3 Re8 38. Bf3 Rb8 39. Qd5 Be8 40. Be4+ Kh6 41. Qf5 1-0

[Event "Chennai op 3rd"]
[Site "Chennai"]
[Date "2011.01.25"]
[Round "10"]
[White "Mishra, Soumyaranjan"]
[Black "Nebolsina, Vera"]
[Result "1-0"]
[WhiteElo "2204"]
[BlackElo "2388"]
[PlyCount "59"]
[EventDate "2011.01.18"]
[EventType "swiss"]
[EventRounds "11"]
[EventCountry "IND"]
[SourceTitle "CBM 140 Extra"]
[Source "ChessBase"]
[SourceDate "2011.03.01"]
[SourceVersion "1"]
[SourceVersionDate "2011.03.01"]
[SourceQuality "1"]

1. e4 e5 2. Nf3 Nf6 3. Nc3 Nc6 4. d4 exd4 5. Nxd4 Bb4 6. Nxc6 bxc6 7. Bd3 d5 8. exd5 cxd5 9. 0-0 0-0 10. Bg5 c6 11. Na4 h6 12. Bh4 Re8 13. c4 g5 14. Bg3 Ne4 15. Bxe4 dxe4 16. Qe2 Bf5 17. Rad1 Qa5 18. b3 Rad8 19. h4 Bg6 20. hxg5 Qxg5 21. Qe3 f5 22. Bf4 Qh5 23. Rxd8 Rxd8 24. Qxa7 Qe2 25. f3 Bf8 26. Qf2 exf3 27. Qxf3 Qxa2 28. Qxc6 Bf7 29. Qf6 Re8 30. Rf3 1-0

[Event "Chennai op 3rd"]
[Site "Chennai"]
[Date "2011.01.23"]
[Round "8"]
[White "Mishra, Soumyaranjan"]
[Black "Murali Krishnan, BT."]
[Result "0-1"]
[WhiteElo "2204"]
[BlackElo "2358"]
[PlyCount "130"]
[EventDate "2011.01.18"]
[EventType "swiss"]
[EventRounds "11"]
[EventCountry "IND"]
[SourceTitle "CBM 140 Extra"]
[Source "ChessBase"]
[SourceDate "2011.03.01"]
[SourceVersion "1"]
[SourceVersionDate "2011.03.01"]
[SourceQuality "1"]

1. e4 b6 2. d4 Bb7 3. Nc3 e6 4. Nf3 a6 5. Bd3 d6 6. 0-0 Nd7 7. Re1 g6 8. Bg5 Ne7 9. e5 Bg7 10. d5 Nxe5 11. Nxe5 dxe5 12. dxe6 f6 13. Be3 Qd6 14. Be4 0-0-0 15. Qf3 Bxe4 16. Qxe4 Qc6 17. f4 f5 18. Qb4 Qxe6 19. fxe5 Nc6 20. Qb3 Qxb3 21. axb3 Bxe5 22. Rxa6 Kb7 23. Ra4 Rhe8 24. Raa1 Nb4 25. Rac1 Bxc3 26. bxc3 Na2 27. Ra1 Nxc3 28. Bg5 Ra8 29. Kf1 Rxa1 30. Rxa1 b5 31. Re1 Rxe1+ 32. Kxe1 Kc6 33. Bf4 Nd5 34. Bd2 Kc5 35. c3 Nf6 36. Ke2 Kd5 37. Kd3 Ne4 38. c4+ bxc4+ 39. bxc4+ Ke5 40. Ba5 Nc5+ 41. Ke3 f4+ 42. Kf3 Ne6 43. Bc3+ Kf5 44. g4+ fxg3 45. hxg3 h5 46. Ba5 c6 47. Bb6 Nf8 48. Bc7 Nd7 49. Ke3 g5 50. Bd6 Ke6 51. Bc7 Nf6 52. Kd4 Nd7 53. Ke4 Nc5+ 54. Kd4 Na6 55. Bd8 Kf5 56. Be7 Kg4 57. Ke5 Kxg3 58. Bxg5 Nc5 59. Bf4+ Kf3 60. Bh2 Nb3 61. Kd6 c5 62. Kc6 h4 63. Kb5 h3 64. Ka4 Nd2 65. Kb5 Ne4 0-1

[Event "Chennai op 3rd"]
[Site "Chennai"]
[Date "2011.01.22"]
[Round "7"]
[White "Palit, Somak"]
[Black "Mishra, Soumyaranjan"]
[Result "1/2-1/2"]
[WhiteElo "2393"]
[BlackElo "2204"]
[PlyCount "145"]
[EventDate "2011.01.18"]
[EventType "swiss"]
[EventRounds "11"]
[EventCountry "IND"]
[SourceTitle "CBM 140 Extra"]
[Source "ChessBase"]
[SourceDate "2011.03.01"]
[SourceVersion "1"]
[SourceVersionDate "2011.03.01"]
[SourceQuality "1"]

1. e4 c5 2. Nf3 e6 3. b3 d6 4. d4 Nf6 5. Bd3 cxd4 6. Nxd4 Be7 7. 0-0 0-0 8. c4 Nbd7 9. Nc3 a6 10. Bb2 Qc7 11. Qe2 b6 12. f4 Bb7 13. Kh1 Rfe8 14. Rae1 Rad8 15. Bb1 Bf8 16. Nf3 g6 17. e5 Nh5 18. Ng5 Ng7 19. exd6 Bxd6 20. Nce4 Be7 21. Qe3 Qc6 22. Qh3 h5 23. Qc3 f6 24. Nf3 Nf5 25. Ng3 Nc5 26. Ba1 a5 27. a3 a4 28. b4 Nb3 29. Be4 Nxg3+ 30. hxg3 Qxe4 31. Rxe4 Bxe4 32. Qe3 Bxf3 33. gxf3 Rd6 34. c5 bxc5 35. bxc5 Rdd8 36. Qxe6+ Kg7 37. Re1 Nxa1 38. Rxa1 Bxc5 39. Qc6 Bxa3 40. Qxa4 Bf8 41. Rd1 Rxd1+ 42. Qxd1 Be7 43. g4 hxg4 44. fxg4 Rd8 45. Qe2 Rd7 46. Kg2 Rc7 47. Kf3 Kf7 48. Qa2+ Kg7 49. Ke4 Rc1 50. Kd5 Kf7 51. Qb3 Rc5+ 52. Kd4+ Kg7 53. Qe6 Rc7 54. Ke4 Rb7 55. Qc6 Rb4+ 56. Kd5 Rb1 57. Ke6 Re1+ 58. Kd7 Bf8 59. Qc3 Re4 60. Qf3 Re1 61. f5 gxf5 62. gxf5 Re7+ 63. Kd8 Re5 64. Qg4+ Kh8 65. Qh5+ Kg8 66. Qg6+ Bg7 67. Kd7 Re3 68. Qg4 Re5 69. Qc4+ Kh8 70. Qf7 Kh7 71. Qc4 Kh8 72. Kd8 Kh7 73. Qh4+ 1/2-1/2

[Event "Chennai op 3rd"]
[Site "Chennai"]
[Date "2011.01.20"]
[Round "4"]
[White "Mishra, Soumyaranjan"]
[Black "Postny, Evgeny"]
[Result "0-1"]
[WhiteElo "2204"]
[BlackElo "2592"]
[PlyCount "46"]
[EventDate "2011.01.18"]
[EventType "swiss"]
[EventRounds "11"]
[EventCountry "IND"]
[SourceTitle "CBM 140 Extra"]
[Source "ChessBase"]
[SourceDate "2011.03.01"]
[SourceVersion "1"]
[SourceVersionDate "2011.03.01"]
[SourceQuality "1"]

1. e4 c6 2. Nc3 d5 3. Nf3 Bg4 4. h3 Bxf3 5. Qxf3 e6 6. d3 Nf6 7. Bd2 Bb4 8. 0-0-0 d4 9. Nb1 Bxd2+ 10. Nxd2 0-0 11. g4 a5 12. g5 Nfd7 13. h4 a4 14. a3 b5 15. Qg3 b4 16. Nc4 bxa3 17. Nxa3 Na6 18. h5 Nac5 19. Bh3 Rb8 20. Rdg1 Rb4 21. Qd6 Qb8 22. Nc4 Nxd3+ 23. Kd2 Nxb2 0-1

[Event "Jalgaon op"]
[Site "Jalgaon"]
[Date "2010.11.25"]
[Round "4"]
[White "Himanshu, Sharma"]
[Black "Mishra, Soumyaranjan"]
[Result "1-0"]
[WhiteElo "2401"]
[BlackElo "2210"]
[PlyCount "161"]
[EventDate "2010.11.23"]
[EventType "swiss"]
[EventRounds "11"]
[EventCountry "IND"]
[SourceTitle "CBM 139 Extra"]
[Source "ChessBase"]
[SourceDate "2011.01.05"]
[SourceVersion "1"]
[SourceVersionDate "2011.01.05"]
[SourceQuality "1"]

1. e4 c5 2. Nf3 e6 3. d4 cxd4 4. Nxd4 a6 5. Bd3 Nc6 6. Nxc6 dxc6 7. f4 Nf6 8. Be3 e5 9. f5 Nxe4 10. 0-0 Nc5 11. Nc3 Nxd3 12. cxd3 Be7 13. Qf3 0-0 14. Rad1 Qc7 15. Ne4 f6 16. Qh5 Bd7 17. Rf3 Be8 18. Qh4 g5 19. Qh6 Rf7 20. Bxg5 fxg5 21. f6 Bd6 22. Rg3 Rf8 23. f7+ Qxf7 24. Rxg5+ Kh8 25. Qxd6 Qf4 26. Qxe5+ Qxe5 27. Rxe5 Bg6 28. Re7 Rad8 29. Nc5 Rd5 30. Nxb7 Bxd3 31. h3 Rg8 32. Rd2 Bc4 33. Rc2 Rd1+ 34. Kh2 Bxa2 35. Nc5 Bd5 36. Nxa6 Rc1 37. Ree2 Rxc2 38. Rxc2 Kg7 39. Rf2 Ra8 40. Nc5 Rb8 41. Kg3 Rb5 42. Nd7 Rb4 43. Ne5 Re4 44. Nf3 Rb4 45. Rc2 Kf6 46. Kf2 h5 47. Kg3 Kf5 48. Re2 Bxf3 49. Kxf3 Rb3+ 50. Kf2 h4 51. Rc2 Kf4 52. Kg1 Rb4 53. Rf2+ Kg5 54. Kf1 Re4 55. Rf3 Rc4 56. Rc3 Rb4 57. b3 Rb8 58. Ke2 Kf4 59. Kf2 Rb6 60. Rc4+ Kg5 61. b4 Ra6 62. Rg4+ Kh5 63. Ke3 Ra2 64. Kd3 Rb2 65. Kc4 Rc2+ 66. Kd4 Rc1 67. g3 hxg3 68. Rxg3 Rd1+ 69. Rd3 Rb1 70. Kc4 Kg5 71. Rb3 Rh1 72. Rc3 Kf5 73. Kc5 Rb1 74. Rc4 Ke5 75. Kxc6 Rg1 76. b5 Rg6+ 77. Kc5 Rg8 78. b6 Rb8 79. Kc6 Rc8+ 80. Kb5 Rh8 81. b7 1-0

[Event "Bhubaneswar op 1st"]
[Site "Bhubaneswar"]
[Date "2009.06.11"]
[Round "7"]
[White "Bakre, Tejas"]
[Black "Mishra, Soumyaranjan"]
[Result "1/2-1/2"]
[WhiteElo "2452"]
[BlackElo "2323"]
[PlyCount "26"]
[EventDate "2009.06.07"]
[EventType "swiss"]
[EventRounds "10"]
[EventCountry "IND"]
[SourceTitle "CBM 130 Extra"]
[Source "ChessBase"]
[SourceDate "2009.07.02"]
[SourceVersion "2"]
[SourceVersionDate "2009.07.15"]
[SourceQuality "1"]

1. c4 Nf6 2. Nc3 e6 3. e4 c5 4. e5 Ng8 5. Nf3 Nc6 6. d4 cxd4 7. Nxd4 Nxe5 8. Ndb5 d6 9. Ne4 d5 10. cxd5 exd5 11. Qxd5 Bb4+ 12. Nec3 Qe7 13. Be3 Nf6 1/2-1/2

[Event "Gurgon op 1st"]
[Site "Gurgon"]
[Date "2009.01.22"]
[Round "3"]
[White "Mishra, Soumyaranjan"]
[Black "Panchanathan, Magesh Chandran"]
[Result "1/2-1/2"]
[WhiteElo "2296"]
[BlackElo "2490"]
[PlyCount "44"]
[EventDate "2009.01.21"]
[EventType "swiss"]
[EventRounds "10"]
[EventCountry "IND"]
[SourceTitle "CBM 128 Extra"]
[Source "ChessBase"]
[SourceDate "2009.03.05"]
[SourceVersion "2"]
[SourceVersionDate "2009.03.25"]
[SourceQuality "1"]

1. e4 e5 2. Nf3 Nc6 3. Nc3 Nf6 4. d4 exd4 5. Nxd4 Bb4 6. Nxc6 bxc6 7. Bd3 d5 8. exd5 cxd5 9. 0-0 0-0 10. Bg5 c6 11. Na4 Re8 12. c4 h6 13. Bh4 Be7 14. Re1 Be6 15. Rc1 Qa5 16. cxd5 cxd5 17. Bb1 Rac8 18. Rxc8 Rxc8 19. a3 Rc4 20. Bxf6 Bxf6 21. b4 Qd8 22. Nc5 Qd6 1/2-1/2

[Event "New Delhi Parsvnath op 6th"]
[Site "New Delhi"]
[Date "2008.01.18"]
[Round "8"]
[White "Ghane Gardeh, Shojaat"]
[Black "Mishra, Soumyaranjan"]
[Result "0-1"]
[WhiteElo "2442"]
[BlackElo "2255"]
[PlyCount "135"]
[EventDate "2008.01.13"]
[EventType "swiss"]
[EventRounds "10"]
[EventCountry "IND"]
[SourceTitle "CBM 122 Extra"]
[Source "ChessBase"]
[SourceDate "2008.03.04"]
[SourceVersion "1"]
[SourceVersionDate "2008.03.04"]
[SourceQuality "1"]

1. d4 Nf6 2. Nf3 e6 3. Bf4 d5 4. e3 c5 5. c3 Nc6 6. Nbd2 Bd6 7. Bg3 a6 8. Bd3 Qe7 9. Ne5 0-0 10. f4 Nd7 11. 0-0 f5 12. Ndf3 Nf6 13. Bh4 Qe8 14. h3 Bd7 15. Kh1 Ne4 16. Rg1 Nxe5 17. Nxe5 Bxe5 18. dxe5 Bb5 19. Bc2 Rc8 20. g4 Qg6 21. Kh2 Rc7 22. gxf5 Qxf5 23. Rg5 Qf7 24. Rg2 Bc6 25. Bxe4 dxe4 26. Bf6 Rd7 27. Bxg7 Rxd1 28. Bf6+ Qg6 29. Rxg6+ hxg6 30. Rxd1 Bd5 31. b3 c4 32. b4 Rf7 33. Rg1 Kh7 34. a4 Bc6 35. b5 axb5 36. axb5 Bxb5 37. Ra1 Rf8 38. Kg3 Kg8 39. Kg4 Kf7 40. Kg5 Rc8 41. Rf1 Be8 42. Rb1 Rc7 43. Rb6 Bc6 44. Rb4 Rd7 45. Rxc4 Rd3 46. h4 Rxe3 47. Rd4 Rd3 48. Kg4 Rxd4 49. cxd4 b5 50. Bd8 b4 51. Ba5 b3 52. Bc3 e3 53. Kg3 Kg7 54. Bb2 Kh6 55. Bc1 Kh5 56. Ba3 Bd5 57. Bc1 Bb7 58. Ba3 Kh6 59. Bb2 Bd5 60. Ba3 Kg7 61. Bb2 Kf7 62. Ba3 Ke8 63. Bb2 Kd7 64. Ba3 Kc6 65. Bc1 Kb5 66. f5 exf5 67. e6 f4+ 68. Kxf4 0-1

[Event "New Delhi Parsvnath op 6th"]
[Site "New Delhi"]
[Date "2008.01.17"]
[Round "7"]
[White "Mishra, Soumyaranjan"]
[Black "Gusain, Himal"]
[Result "1-0"]
[WhiteElo "2255"]
[BlackElo "2067"]
[PlyCount "101"]
[EventDate "2008.01.13"]
[EventType "swiss"]
[EventRounds "10"]
[EventCountry "IND"]
[SourceTitle "CBM 122 Extra"]
[Source "ChessBase"]
[SourceDate "2008.03.04"]
[SourceVersion "1"]
[SourceVersionDate "2008.03.04"]
[SourceQuality "1"]

1. e4 c5 2. Nf3 e6 3. d4 cxd4 4. Nxd4 a6 5. Nc3 Qc7 6. g3 b5 7. a3 Bb7 8. Bg2 Nf6 9. 0-0 d6 10. f4 Nbd7 11. Kh1 h5 12. f5 e5 13. Nb3 Rc8 14. Bg5 Qb6 15. Qe2 Be7 16. Bh4 Ng4 17. Bxe7 Kxe7 18. Rae1 Ndf6 19. Bf3 h4 20. Bxg4 hxg3 21. h3 Rxc3 22. bxc3 Bxe4+ 23. Qxe4 Nxe4 24. Rxe4 Qc6 25. Rfe1 Qxc3 26. R1e2 Kf6 27. R4e3 Qc6+ 28. Kg1 Qb6 29. Kg2 Rc8 30. Rd3 Rd8 31. Rd5 Ke7 32. Bf3 g6 33. fxg6 f5 34. Nd4 Kf6 35. Nb3 e4 36. Bh5 Qc6 37. Rxf5+ Kg7 38. Nd4 Qc4 39. Rxe4 Kg8 40. g7 Rd7 41. Rf8+ Kxg7 42. Ne6+ Qxe6 43. Rxe6 Kxf8 44. Bg6 a5 45. Bd3 b4 46. axb4 axb4 47. Bc4 d5 48. Bb3 d4 49. Rf6+ Kg7 50. Rf3 Kg6 51. Kxg3 1-0

[Event "New Delhi Parsvnath op 6th"]
[Site "New Delhi"]
[Date "2008.01.15"]
[Round "4"]
[White "Thipsay, Praveen Mahadeo"]
[Black "Mishra, Soumyaranjan"]
[Result "1/2-1/2"]
[WhiteElo "2473"]
[BlackElo "2255"]
[PlyCount "113"]
[EventDate "2008.01.13"]
[EventType "swiss"]
[EventRounds "10"]
[EventCountry "IND"]
[SourceTitle "CBM 122 Extra"]
[Source "ChessBase"]
[SourceDate "2008.03.04"]
[SourceVersion "1"]
[SourceVersionDate "2008.03.04"]
[SourceQuality "1"]

1. e4 Nf6 2. e5 Nd5 3. d4 d6 4. Nf3 Bg4 5. Be2 e6 6. 0-0 Be7 7. h3 Bh5 8. c4 Nb6 9. Nc3 0-0 10. exd6 cxd6 11. Be3 d5 12. c5 Bxf3 13. Bxf3 Nc4 14. Bf4 Nc6 15. b3 N4a5 16. Rb1 Bf6 17. Bd6 Be7 18. Nb5 a6 19. Bxe7 Nxe7 20. Nd6 Nc8 21. Nxc8 Rxc8 22. Qd2 Nc6 23. Rbd1 Qf6 24. Bg4 Rcd8 25. f4 Ne7 26. b4 g6 27. Rfe1 h5 28. Bf3 h4 29. Qe3 Nf5 30. Qe5 Kg7 31. Rd2 Ra8 32. a4 Rfc8 33. Rd3 Ra7 34. Rb1 Raa8 35. Bg4 Ng3 36. Re1 Ra7 37. Qd6 Qd8 38. Qxd8 Rxd8 39. Rb1 Rc8 40. a5 Kf6 41. Kf2 Ke7 42. Ke3 Kd7 43. Ra3 Kc6 44. Bd1 Rb8 45. Kd3 Nf5 46. Ba4+ Kc7 47. Rab3 Ne7 48. R3b2 Nc6 49. Re1 Rd8 50. Kc3 Raa8 51. Bd1 Re8 52. Rf2 Rg8 53. Ba4 Rg7 54. Bxc6 bxc6 55. Re5 Kd7 56. Rfe2 Rb8 57. R5e3 1/2-1/2

[Event "Hyderabad op 1st"]
[Site "Hyderabad"]
[Date "2006.03.02"]
[Round "7"]
[White "Mishra, Soumyaranjan"]
[Black "Jumabayev, Rinat"]
[Result "1/2-1/2"]
[WhiteElo "2264"]
[BlackElo "2405"]
[PlyCount "47"]
[EventDate "2006.02.25"]
[EventType "swiss"]
[EventRounds "10"]
[EventCountry "IND"]
[SourceTitle "CBM 111 Extra"]
[Source "ChessBase"]
[SourceDate "2006.05.09"]
[SourceVersion "1"]
[SourceVersionDate "2006.05.09"]
[SourceQuality "1"]

1. e4 c5 2. Nf3 d6 3. c3 Nf6 4. h3 Nbd7 5. Bd3 c4 6. Bc2 a6 7. b3 cxb3 8. axb3 b5 9. 0-0 Bb7 10. Re1 e5 11. d4 Be7 12. Nbd2 0-0 13. Nf1 Rc8 14. Bb2 Re8 15. Ng3 Bf8 16. Qd2 Qc7 17. Rac1 Qb8 18. Bb1 Qa8 19. c4 exd4 20. Qxd4 Nc5 21. Nf5 Re6 22. Ng5 Nxb3 23. Qc3 Nxc1 24. Nh6+ 1/2-1/2

[Event "Wch U20 43rd"]
[Site "Cochin"]
[Date "2004.11.22"]
[Round "6"]
[White "Arun, Karthik R"]
[Black "Mishra, Soumyaranjan"]
[Result "1/2-1/2"]
[WhiteElo "2152"]
[BlackElo "2299"]
[PlyCount "99"]
[EventDate "2004.11.20"]
[EventType "swiss"]
[EventRounds "13"]
[EventCountry "IND"]
[SourceTitle "CBM 103 Extra"]
[Source "ChessBase"]
[SourceDate "2005.01.01"]
[SourceVersion "1"]
[SourceVersionDate "2005.01.01"]
[SourceQuality "1"]

1. e4 c5 2. Nc3 e6 3. g3 d5 4. exd5 exd5 5. Bg2 Nf6 6. Nge2 d4 7. Ne4 Nxe4 8. Bxe4 Nd7 9. 0-0 Nf6 10. Bg2 Bd6 11. d3 0-0 12. Bf4 Bg4 13. Bxd6 Qxd6 14. Qd2 Rae8 15. Rfe1 Re7 16. h3 Bc8 17. g4 Nd5 18. Ng3 Rxe1+ 19. Rxe1 Nf4 20. Re4 Nxg2 21. Kxg2 b6 22. f3 g6 23. Re2 Bb7 24. Ne4 Qc6 25. g5 Kg7 26. Qf4 Re8 27. Kf2 Re6 28. Qh4 Qe8 29. Re1 Qb8 30. Kg2 Bxe4 31. Rxe4 Qd6 32. Qh6+ Kg8 33. Rh4 Qd5 34. Qxh7+ Kf8 35. Qh6+ Ke7 36. Rf4 Re2+ 37. Kf1 Qe6 38. Qh4 Re5 39. Re4 Kd7 40. Qg4 Qxg4 41. Rxg4 Re8 42. Rf4 Rf8 43. Kf2 Ke6 44. Kg3 Rc8 45. b3 Rc7 46. h4 b5 47. Re4+ Kd5 48. Kf4 a5 49. Re5+ Kd6 50. Ke4 1/2-1/2